| 000 | 00544nam a2200193Ia 4500 | ||
|---|---|---|---|
| 003 | GCL | ||
| 008 | 140319s9999 xx 000 0 eng d | ||
| 040 |
_aGCL / _cGCL |
||
| 082 | 0 | 4 |
_a629.9 _bB M |
| 100 | 1 | _aBISHOP, ROBERT H. | |
| 245 | 1 | 0 |
_aMODERN CONTROL SYSTEMS ANALYSIS AND DESIGN USING MATLAB / _cBISHOP, ROBERT H. |
| 260 |
_a[S.N] : _bADDISON - WESLEY PUBLISHING COMPANY ، _c1993 |
||
| 300 | _a161 P | ||
| 650 | 0 | 4 | _aAUTOMATIC CONTROL |
| 650 | 0 | 4 | _aSYSTEM DESIGN |
| 650 | 0 | 4 | _aDATA PROCESSING |
| 650 | 0 | 4 | _aMATLAB |
| 942 |
_2ddc _cBK |
||
| 999 |
_c23724 _d23724 |
||